Super Bowl MVP's - Statistics

General Stats
  • This quiz has been taken 112 times
  • The average score is 24 of 51
Answer Stats
Super Bowl MVP % Correct
36 Tom Brady
97%
38 Tom Brady
97%
49 Tom Brady
97%
51 Tom Brady
97%
41 Peyton Manning
80%
42 Eli Manning
77%
46 Eli Manning
77%
16 Joe Montana
70%
1 Bart Starr
69%
2 Bart Starr
69%
19 Joe Montana
69%
24 Joe Montana
69%
28 Emmitt Smith
65%
13 Terry Bradshaw
63%
14 Terry Bradshaw
63%
45 Aaron Rodgers
62%
23 Jerry Rice
62%
3 Joe Namath
60%
44 Drew Brees
58%
50 Von Miller
55%
29 Steve Young
54%
47 Joe Flacco
53%
27 Troy Aikman
52%
33 John Elway
50%
35 Ray Lewis
50%
34 Kurt Warner
49%
6 Roger Staubach
49%
32 Terrell Davis
44%
40 Hines Ward
37%
43 Santonio Holmes
37%
9 Franco Harris
36%
4 Len Dawson
35%
30 Larry Brown
33%
10 Lynn Swann
33%
8 Larry Csonka
32%
18 Marcus Allen
32%
22 Doug Williams
31%
17 John Riggins
30%
31 Desmond Howard
29%
15 Jim Plunkett
28%
20 Richard Dent
26%
37 Dexter Jackson
24%
39 Deion Branch
23%
26 Mark Rypien
21%
5 Chuck Howley
19%
7 Jake Scott
13%
11 Fred Biletnikoff
12%
12 Harvey Martin and Randy White
12%
48 Malcom Smith
9%
25 Otis Anderson
8%
21 Phill Simms
2%
No matching quizzes found
Score Distribution
Percent of People with Each Score
Percentile by Number Answered
Your Score History
You have not taken this quiz